000 00582nam a22001937a 4500
003 BD-DhJNU
005 20250507034859.0
008 250507b |||||||| |||| 00| 0 eng d
040 _aBD-DhJNU
_bENG
_cBD-DhJNU
_dBD-DhJNU
082 _223
_a302 SHI
100 _aSherif, Muzafer
245 _aAn outline of social psychology /
_cMuzafer Sherif and Carolyn W. Sherif
260 _aNew York :
_bHarper & Brothers,
_c1948.
300 _axix, 792p. :
_bill. ;
_c23 cm.
504 _aIncludes index
650 _aSocial Psychology
700 _aSherif, Carolyn W.
942 _2ddc
_cBK
_n0
999 _c1668
_d1668